000 004820000a22001930004500
001 002470
003 MACL
005 20150920121722.0
008 150920b xxu||||| |||| 00| 0 eng d
040 _aMACL
_cMACL
041 _aEnglish
082 _a891/RAO
100 _aRao, Ranga
_911502
245 _aR K Narayan
_bMakers Of Indian Literature
_cRanga Rao
260 _aNew Delhi
_c2005
_bSahitya Akademi,
350 _a25
650 _aLiterature
_912332
942 _k891
_cBK
_2ddc
999 _c14381
_d14381